00191nam a2200085Ia 4500008004100000100001800041245002200059260001500081260000900096170617s9999 xx 000 0 und d aPardkar-Anant 0aHospital Pharmacy bNirali Pub c2008